000 00946nam a22002897a 4500
003 CHAP
005 20220329140955.0
008 971013s1995 r 00010 d
010 _a60726
011 _a61698
035 _a65866
040 _cCHAP
082 _a634.92
_bM43 1995-2000
110 _aMéxico. Secretaría de Medio Ambiente, Recursos Naturales y Pesca
_977201
245 _aPrograma Forestal y de Suelos, 1995-2000
260 _aMéxico, D. F. :
_bLa Secretaría,
_c1995
300 _a79 p.
590 _aBATCH-UPD
_b10
_c20130110
_lUCH01
_h2137
590 _aBATCH-UPD
_b10
_c20130410
_lUCH01
_h1446
590 _aBATCH-UPD
_b10
_c20130914
_lUCH01
_h1932
590 _aCONVERSION
_b10
_c20130109
_lUCH01
_h1333
650 1 4 _aPolítica forestal
_zMéxico.
_990610
650 1 4 _aSuelos
_xConservación
_xMéxico.
_9110306
901 _aBK
942 _cLIBRO
949 _a634.92 M43 1995-2000
_bBC
_cC
_d33724000644001
_eC
_h90908
_i65866
_sb
999 _c60726
_d60726